Exact solution of the Susceptible-Infectious-Recovered-Deceased (SIRD) epidemic model
Exact solution of the Susceptible–Infectious–Recovered–Deceased (SIRD) epidemic model is established, and various properties of solution are derived directly from the exact solution. The exact solution of an initial value problem for SIRD epidemic model is represented in an explicit form, and it is...
Elmentve itt :
| Szerző: | |
|---|---|
| Dokumentumtípus: | Folyóirat |
| Megjelent: |
2022
|
| Sorozat: | Electronic journal of qualitative theory of differential equations
|
| Kulcsszavak: | Matematikai modell |
| Tárgyszavak: | |
| doi: | 10.14232/ejqtde.2022.1.38 |
| Online Access: | http://acta.bibl.u-szeged.hu/76539 |
| LEADER | 01204nas a2200229 i 4500 | ||
|---|---|---|---|
| 001 | acta76539 | ||
| 005 | 20221108083822.0 | ||
| 008 | 220908s2022 hu o 0|| eng d | ||
| 022 | |a 1417-3875 | ||
| 024 | 7 | |a 10.14232/ejqtde.2022.1.38 |2 doi | |
| 040 | |a SZTE Egyetemi Kiadványok Repozitórium |b hun | ||
| 041 | |a eng | ||
| 100 | 1 | |a Yoshida Norio | |
| 245 | 1 | 0 | |a Exact solution of the Susceptible-Infectious-Recovered-Deceased (SIRD) epidemic model |h [elektronikus dokumentum] / |c Yoshida Norio |
| 260 | |c 2022 | ||
| 300 | |a 24 | ||
| 490 | 0 | |a Electronic journal of qualitative theory of differential equations | |
| 520 | 3 | |a Exact solution of the Susceptible–Infectious–Recovered–Deceased (SIRD) epidemic model is established, and various properties of solution are derived directly from the exact solution. The exact solution of an initial value problem for SIRD epidemic model is represented in an explicit form, and it is shown that the parametric form of the exact solution is a solution of some linear differential system. | |
| 650 | 4 | |a Természettudományok | |
| 650 | 4 | |a Matematika | |
| 695 | |a Matematikai modell | ||
| 856 | 4 | 0 | |u http://acta.bibl.u-szeged.hu/76539/1/ejqtde_2022_038.pdf |z Dokumentum-elérés |